| 000 | 00794cab a2200229 4500 | ||
|---|---|---|---|
| 001 | WB2648-40 | ||
| 008 | 090401t1990 xxu||||| |||| 00| 0 eng d | ||
| 035 | _a(Sirsi) u40957 | ||
| 041 | _aeng | ||
| 245 | _aExtended limitation period | ||
| 260 | _c1990 | ||
| 350 | _a0 | ||
| 490 |
_aTimes _v4/12/90 p32 |
||
| 520 | _aIt was held in SoS for Foreign and Commonwealth Affairs v Tomlin and Others CA 14 November 1990, that an extended limitation period of 30 years under the Limitation Act 1980 s15 was applicable, and that squatters could not rely on 12 years adverse possession . | ||
| 650 | _aCAMBODIAN EMBASSY | ||
| 650 | _aCROWN LAND | ||
| 650 | _aDIPLOMATIC IMMUNITY | ||
| 650 | _aEMBASSIES | ||
| 690 | _aPROPERTY LAW AND PRACTICE-CASE LAW | ||
| 942 | _n0 | ||
| 948 | _c04/03/1997 | ||
| 999 |
_c26272 _d26272 |
||